01303nam a2200277 a 450000100100000000500170001000800410002702000180006804000250008608200220011110000480013324500780018126000400025930000210029950000570032050400310037759000260040865000500043465000570048465000490054191000370059095201350062795201200076295201260088299900170100800004162920201002035657.0131014s2013 dr 000 0 spa d a9789945481365 aDO-SdBNPbspacBNPHU a344.729301bG633d1 aGómez Geraldino, Alexis A.,d1968-96841210aDerecho penal laboral y penal del trabajo /cAlexis A. Gómez Geraldino. aSanto Domingo :bCentenario,c2013. a165 p. ;c23 cm. aIncluye datos biográficos en ambas contraportadas. aBibliografía: p.161-165. aInventariado, 2018/VM 4aDerecho laboralzRepública Dominicana97337 4aLegislación laboralzRepública Dominicana911733 4aDerecho penalzRepública Dominicana916470 aValidado. Control de calidad EMS 001054708DSaGRbGRcHDd2013-10-14iLF1l0o344.729301 G633dp41629-30r2020-06-25te. 3w2020-06-25yLFDSZPréstamo en sala 0010718PDaPDbPDcHDd2013-10-14iLF1l0o344.729301 G633dp41629-10r2020-06-25w2020-06-25yLFPDZNo se presta 0010718PDaPDbPDcHDd2013-10-14iLF1l0o344.729301 G633dp41629-20r2020-06-25te. 2w2020-06-25yLFPDZNo se presta c41119d41119